00275nam a2200109Ia 4500008004100000100004300041245002300084260002800107300000800135942000700143999001500150190216s9999||||xx |||||||||||||| ||und|| aRobert A Alberty & Robert J Silbey 0aPhysical Chemistry bJohn Wiley & Sonsc1992 a898 cBK c2645d2645